New Zealand Cities Quiz - Statistics

General Stats
  • This quiz has been taken 76 times
  • The average score is 11 of 15
Answer Stats
Description Answer % Correct
Sky Tower, on an isthmus Auckland
100%
Earthquakes in 2010 and 2011, built on a swamp Christchurch
100%
Capital city, Wahine disaster 1968 Wellington
94%
Founded by the Scottish, Otago University Dunedin
87%
Inland city on the Waikato River Hamilton
79%
Earthquake 1931, in the Hawke's Bay region Napier
79%
Geographical centre of NZ, Tasman Bay Nelson
79%
Adventure tourism, Remarkables mountain range Queenstown
75%
Southernmost city, near the Catlins Invercargill
71%
Mt Taranaki (Egmont) New Plymouth
65%
Lies on the Manuatu River Palmerston North
63%
Largest city in the Bay of Plenty region Tauranga
62%
Largest city in the Marlborough Region Blenheim
60%
Lies at the mouth of the Grey River Greymouth
54%
Northernmost city, Mount Parihaka Whangarei
52%
No matching quizzes found
Score Distribution
Percent of People with Each Score
Percentile by Number Answered
Your Score History
You have not taken this quiz